Tự học các tuyệt chiêu và mẹo hay Access 2010 Hướng dẫn bằng hình

שמור ב:
מידע ביבליוגרפי
מחבר תאגידי: Nhóm tin học thực dụng
מחברים אחרים: Minh, Hùng, Nguyễn, Nam Thuận
פורמט: ספר
יצא לאור: Hà Nội Hồng Đức 2011
נושאים:
תגים: הוספת תג
אין תגיות, היה/י הראשונ/ה לתייג את הרשומה!
Thư viện lưu trữ: Trung tâm Học liệu Lê Vũ Hùng, Trường Đại học Đồng Tháp
LEADER 00991pam a22003258a 4500
001 00031436
008 131210s2011 ||||||Viesd
005 20171026081023.0
020 |c 61000 
041 0 # |a Vie 
082 1 4 |a 005.5  |b T550H 
245 0 0 |a Tự học các tuyệt chiêu và mẹo hay Access 2010  |b Hướng dẫn bằng hình  |c Nguyễn Nam Thuận, Minh Hùng, nhóm tin học thực dụng 
260 # # |a Hà Nội  |b Hồng Đức  |c 2011 
300 # # |a 360 tr.  |c 24 cm.  |b minh họa 
653 # # |a Access 
653 # # |a Ứng dụng 
653 # # |a Tin học 
653 # # |a Giáo trình 
700 1 # |a Minh, Hùng 
700 1 # |a Nguyễn, Nam Thuận 
710 |a Nhóm tin học thực dụng 
852 # # |j KD.0015079 
852 # # |b Kho đọc  |j KD.0015079 
910 0 # |d 10/12/2013 
980 # # |a Trung tâm Học liệu Lê Vũ Hùng, Trường Đại học Đồng Tháp